01215 a2200181 45000010006000000050017000060080041000230030015000640400040000790800040001192450028001592640038001873000019002255050710002441000020009547000021009747000038009954793520260407155745.0260407a1966 arg spa dAR-UNSa-BCEJYS aAR-UNSa-BCEJYSbspacAR-UNSa-BCEJYS a338.5.01xTeorías de los precios 10aTeoría de los Precios 1aMadrid :bAlianza Editorialc1966 a363 p.c24 cm. a1. Introducción - 2. La teoría de la demanda - 3. Los efectos de los impulsos sobre el "bienestar" - 4. El análisis de la incertidumbre basado en la utilidad - 5. Las relaciones entre curvas de oferta y curvas de costes - 6. La Ley de las proporciones variables y las curvas de costes de una empresa - 7. La demanda derivada - 8. La teoría de la distribución proporciones fijas - 9. La teoría de la productividad marginal y la demanda de los factores de producción - 10. El análisis de la productividad marginal: algunas cuestiones generales - 11. La oferta de factores de producción - 12. La distribución cuantitativa de la renta - 13. La teoría del capital y el tipo de interés. 1 aVergara, José1 aFriedman, Milton1 aSan Román, José Vergara L. de